000 00710nam a2200193Ia 4500
003 GCL
008 140319s9999 xx 000 0 ara d
040 _aGCL /
_cGCL
082 0 4 _a813.02
_bم م
100 1 _aمجموعة من المؤلفين الافريقين
245 1 0 _aقصص افريقية اسيوية مختارات : (هدية من الاديب عبدالفتاح الجمل) /
_cمجموعة من المؤلفين الافريقين
300 _a447 ص
490 _aسلسلة الادب الافريقى الاسيوى
_v0
650 0 4 _aالادب العربى
650 0 4 _aالقصص القصيرة
650 0 4 _aالادب
650 0 4 _aالادب الافريقى
942 _2ddc
_cBK
999 _c40472
_d40472